000 00356nam a2200145Ia 4500
008 230711s9999||||xx |||||||||||||| ||und||
041 _aENG
082 _a658
_bME-T
100 _aMenon,H.G
245 0 _aTQM in new product manufacturing
250 _a1st Ed.
260 _c1992
_aNew York
_bMcGraw Hill
650 _aUNIVESITY BUSNIESS SCHOOL
942 _cBK
999 _c2644
_d2644